Musicians By Initial: The Letter I - Statistics

General Stats
  • This quiz has been taken 212 times
  • The average score is 5 of 15
Answer Stats
Inits Clue Answer % Correct
IT Early rock'n'roll guitarist. With his wife Tina, he had a 1966 hit with River Deep - Mountain High Ike Turner
84%
IB Wrote 'White Christmas,' 'Puttin' On The Ritz,' and other standards Irving Berlin
71%
IP Stooges' vocalist Iggy Pop
68%
IA Singer & flautist with Jethro Tull Ian Anderson
50%
ID 'Hit Me With Your Rhythm Stick' Ian Dury
46%
IC Joy Division vocalist Ian Curtis
38%
IG Singer with Deep Purple Ian Gillan
38%
IS Co-founder and rhythm guitarist for Guns N' Roses Izzy Stradlin
26%
IH Mott The Hoople frontman Ian Hunter
20%
IM Singer with Echo & the Bunnymen Ian McCulloch
19%
IK Here Come The Hotstepper Ini Kamoze
19%
IN Welsh born composer (1893-1951) Writer of musicals, and popular songs (eg. 'Keep The Home Fires Burning') Annual songwriting awards are given in his name. Ivor Novello
19%
IW Welsh female singer who had a 1979 UK top 20 hit with 'He Was Beautiful (Cavatina)' Iris Williams
15%
IF Duetted with her brother Charlie on the 1963 hit 'Mockingbird' Inez Foxx
6%
IJ American jazz (tenor) saxophonist. Played bebop, swing and jump blues Illinois Jacquet
2%
No matching quizzes found
Score Distribution
Percent of People with Each Score
Percentile by Number Answered
Your Score History
You have not taken this quiz